000 00495nam a22001817a 4500
005 20150715155150.0
010 _aENG-113250
020 _c200.00
_a9789382711599
035 _aEN-96782
037 _bDBAD/PUB
082 _aN
100 _aVerma, Arunendra Nath
245 _aThe loophole /
_cby Arunendra Nath Verma
260 _aNew Delhi
_bVitasta Publishing
_c2015
270 _a2/15, Ansari Road, Daryaganj
_bNew Delhi
_e110002
300 _a274p.
_c21cm(pbk)
942 _2ddc
_cEN
_mVER
_hN
999 _c93965
_d93965